Länder mit den höchsten Staatseinnahmen - Statistiken

Allgemein
  • Dieses Quiz wurde 30 mal gespielt
  • Das Durchschnittsergebnis liegt bei 18 aus 20
Antwortstatistiken
Einnahmen Land % Korrekt
2,0 Bio. Deutschland
100%
755 Mrd. Indien
100%
1,5 Bio. Frankreich
97%
1,4 Bio. Japan
97%
719 Mrd. Russland
97%
673 Mrd. Spanien
97%
8,2 Bio. USA
97%
601 Mrd. Australien
93%
778 Mrd. Brasilien
93%
4,4 Bio. China
93%
1,0 Bio. Italien
93%
882 Mrd. Kanada
93%
1,3 Bio. Vereinigtes Königreich
93%
362 Mrd. Polen
86%
421 Mrd. Mexiko
83%
384 Mrd. Südkorea
76%
488 Mrd. Niederlande
72%
307 Mrd. Belgien
69%
310 Mrd. Saudi-Arabien
69%
351 Mrd. Türkei
66%
Keine übereinstimmenden Quizze gefunden
Verteilung der Resultate
Anzahl Personen mit jedem Resultat
Perzentil nach korrekt beantworteten Fragen
Ihre Resultats-Entwicklung
Sie haben dieses Quiz noch nicht gespielt